书目信息 |
| 题名: |
道路建设材料
|
|
| 作者: | 李立寒 著 | |
| 分册: | ||
| 出版信息: | 北京 人民交通出版社 2010.01 |
|
| 页数: | 341页 | |
| 开本: | 28cm | |
| 丛书名: | ||
| 单 册: | ||
| 中图分类: | U414 | |
| 科图分类: | ||
| 主题词: | 道路工程 | |
| 电子资源: | ||
| ISBN: | 978-7-114-04874-6 | |
| 000 | 00653 nam 000241 | |
| 001 | 1160610992 | |
| 005 | 20111215110451.59 | |
| 010 | @a978-7-114-04874-6@dCNY38.00 | |
| 100 | @a20090922d2010 em y0chiy0121 ea | |
| 101 | @achi | |
| 102 | @aCN@b110000 | |
| 105 | @ay z 000yy | |
| 200 | 10 | @a道路建设材料@9dao lu jian she cai liao@f李立寒等著@Fli li han den zhu |
| 205 | @a第四版 | |
| 210 | @a北京@c人民交通出版社@d2010.01 | |
| 215 | @a341页@d28cm | |
| 540 | @a道路建设材料 | |
| 606 | @a道路工程 | |
| 690 | @aU414@v4 | |
| 701 | 0 | @a李立寒@9li li han@4著 |
| 801 | @aCN@bCQULIB@c20020616 | |
| 901 | @a209106 | |
| 905 | @b930981-83@dU414@eL200@f3 | |
| 道路建设材料/李立寒等著.-第四版.-北京:人民交通出版社,2010.01 |
| 341页;28cm |
| ISBN 978-7-114-04874-6:CNY38.00 |
| ● |
| 相关链接 |
|
|
|
正题名:道路建设材料
索取号:U414/L200
 
预约/预借
| 序号 | 登录号 | 条形码 | 馆藏地/架位号 | 状态 | 备注 |
| 1 | 471830 | 204718305 | 自科库501/501自科库 51排6列2层/ [索取号:U414/L200] | 在馆 | |
| 2 | 471831 | 204718314 | 土木与交通工程学院资料室/土木与交通学院资料室 1排1列1层/ [索取号:U414/L200] | 在馆 | |
| 3 | 471832 | 204718323 | 土木与交通工程学院资料室/土木与交通学院资料室 1排1列1层/ [索取号:U414/L200] | 在馆 | |
| 4 | 471833 | 204718332 | 土木与交通工程学院资料室/土木与交通学院资料室 1排1列1层/ [索取号:U414/L200] | 在馆 | |
| 5 | 471834 | 204718341 | 土木与交通工程学院资料室/土木与交通学院资料室 1排1列1层/ [索取号:U414/L200] | 在馆 | |
| 6 | 471835 | 204718350 | 土木与交通工程学院资料室/土木与交通学院资料室 1排1列1层/ [索取号:U414/L200] | 在馆 |